Fr. Conceicao Rodrigues College of Engineering

ENGG.MANUFACTURING PROCESS (Record no. 21396)

MARC details
000 -LEADER
fixed length control field 00258nam a2200121Ia 4500
082 ## - DEWEY DECIMAL CLASSIFICATION NUMBER
Classification number 671/WEI
100 ## - MAIN ENTRY--PERSONAL NAME
Personal name WEINSTEIN/NICHOLAS
245 ## - TITLE STATEMENT
Title ENGG.MANUFACTURING PROCESS
260 ## - PUBLICATION, DISTRIBUTION, ETC.
Name of publisher, distributor, etc. Mir publishers
Date of publication, distribution, etc. 1967
300 ## - PHYSICAL DESCRIPTION
Extent 420
546 ## - LANGUAGE NOTE
Language note ENGLISH
942 ## - ADDED ENTRY ELEMENTS (KOHA)
Koha item type BOOK
Holdings
Withdrawn status Lost status Damaged status Not for loan Collection Home library Current library Date acquired Total Checkouts Full call number Barcode Date last seen Price effective from Koha item type
        AFT Fr. Agnel's C.Rodrigues College of Engineering Fr. Agnel's C.Rodrigues College of Engineering 17/03/2023   671/WEI AFT8078 17/03/2023   BOOK